[Event "FRA-chT2 1011"]
[Site "France"]
[Date "2010.11.14"]
[Round "3.3"]
[White "Mayer, Jean Marc"]
[Black "Franck, Boris"]
[Result "1/2-1/2"]
[WhiteElo "2209"]
[BlackElo "2102"]
[PlyCount "95"]
[EventDate "2010.10.17"]
[EventType "team-tourn"]
[EventRounds "11"]
[EventCountry "FRA"]
[SourceTitle "EXT 2012"]
[Source "ChessBase"]
[SourceDate "2011.11.24"]
[SourceVersion "1"]
[SourceVersionDate "2011.11.24"]
[SourceQuality "1"]

1. d4 g6 2. c4 Bg7 3. Nc3 d6 4. e4 e5 5. Nf3 exd4 6. Nxd4 Nc6 7. Be3 Nge7 8. Be2 0-0 9. 0-0 f5 10. exf5 Nxd4 11. Bxd4 Nxf5 12. Bxg7 Kxg7 13. Qd2 Bd7 14. Bf3 Bc6 15. Bd5 Bxd5 16. cxd5 c5 17. dxc6 bxc6 18. Ne4 d5 19. Nc5 Re8 20. Rfe1 Qf6 21. Rad1 h6 22. h3 Rad8 23. Re2 Re7 24. Rde1 Rde8 25. b4 Qd6 26. g4 Nh4 27. Qd4+ Kh7 28. Rxe7+ Rxe7 29. Rxe7+ Qxe7 30. Qe3 Qxe3 31. fxe3 Nf3+ 32. Kf2 Ne5 33. Ke2 Kg7 34. e4 dxe4 35. Nxe4 Kf7 36. Ke3 Ke6 37. Kd4 Nd7 38. Nc5+ Nxc5 39. Kxc5 Kd7 40. b5 cxb5 41. Kxb5 Kc7 42. Ka6 Kb8 43. h4 g5 44. hxg5 hxg5 45. a3 Ka8 46. Kb5 Kb7 47. Kc5 Ka6 48. Kd5 1/2-1/2

[Event "BL2-Sued 0910"]
[Site "Germany"]
[Date "2010.02.28"]
[Round "7.7"]
[White "Gabriel, Robert A"]
[Black "Mayer, Jean Marc"]
[Result "1-0"]
[WhiteElo "2215"]
[BlackElo "2215"]
[PlyCount "75"]
[EventDate "2009.10.18"]
[EventType "team-tourn"]
[EventRounds "9"]
[EventCountry "GER"]
[SourceTitle "EXT 2011"]
[Source "ChessBase"]
[SourceDate "2010.11.26"]
[SourceVersion "1"]
[SourceVersionDate "2010.11.26"]
[SourceQuality "1"]
[WhiteTeam "Stuttgart"]
[BlackTeam "Saarbruecken"]
[WhiteTeamCountry "GER"]
[BlackTeamCountry "GER"]

1. d4 Nf6 2. Nf3 g6 3. c4 Bg7 4. Nc3 d5 5. cxd5 Nxd5 6. Bd2 Nb6 7. Bf4 Nc6 8. e3 Be6 9. Bb5 0-0 10. Bxc6 bxc6 11. 0-0 Nd5 12. Nxd5 Bxd5 13. Rc1 Bxa2 14. Rxc6 Bd5 15. Bxc7 Qd7 16. Rc5 Rac8 17. Qc2 Bf6 18. Ra1 Qe6 19. Rxa7 Be4 20. Qc4 Qg4 21. h3 Qd7 22. Qe2 Ra8 23. Rxa8 Rxa8 24. Be5 Bxe5 25. Nxe5 Ra1+ 26. Kh2 Qd6 27. f3 Bf5 28. Rc6 Qb8 29. Qc4 Be6 30. Rxe6 fxe6 31. Qxe6+ Kh8 32. Qxe7 Ra7 33. Qf6+ Kg8 34. f4 Qb3 35. Ng4 h5 36. Qxg6+ Rg7 37. Nf6+ Kf8 38. Qe8# 1-0

[Event "FRA-chT2 0910"]
[Site "France"]
[Date "2010.01.24"]
[Round "7.3"]
[White "Taddei, Benoit"]
[Black "Mayer, Jean Marc"]
[Result "1-0"]
[WhiteElo "2295"]
[BlackElo "2217"]
[PlyCount "59"]
[EventDate "2009.09.27"]
[EventType "team-tourn"]
[EventRounds "11"]
[EventCountry "FRA"]
[SourceTitle "EXT 2011"]
[Source "ChessBase"]
[SourceDate "2010.11.26"]
[SourceVersion "1"]
[SourceVersionDate "2010.11.26"]
[SourceQuality "1"]

1. e4 e5 2. Nf3 Nf6 3. d4 Nxe4 4. dxe5 d5 5. Nbd2 Nxd2 6. Qxd2 Be7 7. Qf4 Qd7 8. Bd3 Qg4 9. h3 Qxf4 10. Bxf4 Nc6 11. a3 0-0 12. 0-0-0 Be6 13. Rhe1 a6 14. Bh2 Bc5 15. Re2 Rae8 16. Ng5 h6 17. Nh7 Nd4 18. Ree1 Rd8 19. Nxf8 Kxf8 20. f4 h5 21. Bg1 Bb6 22. b4 Rc8 23. Bh7 Nf5 24. Bxb6 cxb6 25. g4 hxg4 26. hxg4 Ne7 27. f5 Bd7 28. f6 Nc6 29. Rxd5 Be6 30. Bf5 1-0

[Event "BL2-Sued 0910"]
[Site "Germany"]
[Date "2009.11.03"]
[Round "2.8"]
[White "Bogner, Norbert"]
[Black "Mayer, Jean Marc"]
[Result "1-0"]
[WhiteElo "2074"]
[BlackElo "2215"]
[PlyCount "85"]
[EventDate "2009.10.18"]
[EventType "team-tourn"]
[EventRounds "9"]
[EventCountry "GER"]
[SourceTitle "EXT 2011"]
[Source "ChessBase"]
[SourceDate "2010.11.26"]
[SourceVersion "1"]
[SourceVersionDate "2010.11.26"]
[SourceQuality "1"]
[WhiteTeam "Neuhausen"]
[BlackTeam "Saarbruecken"]
[WhiteTeamCountry "GER"]
[BlackTeamCountry "GER"]

1. d4 d5 2. c4 c6 3. cxd5 cxd5 4. Nf3 Nf6 5. Nc3 Nc6 6. Bf4 Bf5 7. e3 e6 8. Rc1 Be7 9. Qb3 Qb6 10. Bb5 0-0 11. 0-0 Na5 12. Qa4 a6 13. Be2 Rac8 14. b3 Nc6 15. a3 Ne4 16. Nxe4 Bxe4 17. Nd2 Bg6 18. b4 f6 19. Qb3 Bf7 20. Qb2 Na7 21. Nb3 Nb5 22. Nc5 Rfd8 23. a4 Nd6 24. a5 Qa7 25. Na4 Rc6 26. Nb6 Rxb6 27. axb6 Qxb6 28. Rc2 Bg6 29. Rc3 Re8 30. Rfc1 Nb5 31. Rc8 Rxc8 32. Rxc8+ Kf7 33. Bxb5 Qxb5 34. Rc7 Kf8 35. h3 Be8 36. Qc2 f5 37. Be5 Qxb4 38. Rc8 Bd6 39. g4 Bxe5 40. dxe5 g6 41. Qc7 Qb1+ 42. Kh2 Qf1 43. Qd6+ 1-0

[Event "Saarland-ch MA"]
[Site "Schiffweiler"]
[Date "2009.04.11"]
[Round "9"]
[White "Mayer, Jean Marc"]
[Black "Faas, Dominik"]
[Result "1-0"]
[WhiteElo "2179"]
[BlackElo "2067"]
[PlyCount "111"]
[EventDate "2009.04.03"]
[EventType "swiss"]
[EventRounds "9"]
[EventCountry "GER"]
[SourceTitle "EXT 2012"]
[Source "ChessBase"]
[SourceDate "2011.11.24"]
[SourceVersion "1"]
[SourceVersionDate "2011.11.24"]
[SourceQuality "1"]

1. e4 e5 2. Nc3 Nc6 3. Bc4 Nf6 4. d3 d6 5. f4 Be6 6. Bb3 a6 7. Nf3 Qd7 8. 0-0 Be7 9. f5 Bxb3 10. axb3 d5 11. exd5 Nxd5 12. Ne4 0-0-0 13. Nfg5 Rdf8 14. Bd2 h6 15. Nh3 Nd4 16. Ra5 Nc6 17. Ra4 Nf6 18. Nxf6 Bc5+ 19. Kh1 gxf6 20. Nf2 Bxf2 21. Rxf2 Nd4 22. Bc3 Nb5 23. Qf3 c6 24. Qe3 h5 25. Rh4 Nxc3 26. bxc3 Qd5 27. Qb6 Rfg8 28. Rb4 Qd7 29. Qa7 Qc7 30. Qa8+ Qb8 31. Qxb8+ Kxb8 32. h3 Rg5 33. Re4 Rd8 34. Kh2 Kc7 35. d4 Rd5 36. g4 hxg4 37. hxg4 Rg8 38. Rfe2 exd4 39. cxd4 Rgd8 40. c3 c5 41. dxc5 Rxc5 42. R2e3 Rcd5 43. Kg3 R8d7 44. Kf4 a5 45. g5 fxg5+ 46. Kxg5 b5 47. c4 Rc5 48. cxb5 Rxb5 49. Re5 Kb6 50. Kf6 Rc5 51. Kg7 Kb5 52. f6 Rxe5 53. Rxe5+ Kb4 54. Re7 Rd3 55. Rb7+ Ka3 56. Rb5 1-0

[Event "Saarland-ch MA"]
[Site "Schiffweiler"]
[Date "2009.04.08"]
[Round "6"]
[White "Czech, Torsten"]
[Black "Mayer, Jean Marc"]
[Result "0-1"]
[WhiteElo "2055"]
[BlackElo "2179"]
[PlyCount "38"]
[EventDate "2009.04.03"]
[EventType "swiss"]
[EventRounds "9"]
[EventCountry "GER"]
[SourceTitle "EXT 2012"]
[Source "ChessBase"]
[SourceDate "2011.11.24"]
[SourceVersion "1"]
[SourceVersionDate "2011.11.24"]
[SourceQuality "1"]

1. e4 e5 2. Bc4 Nf6 3. Qe2 Nc6 4. Nf3 d6 5. c3 Be7 6. d3 0-0 7. 0-0 Bg4 8. Be3 d5 9. exd5 Nxd5 10. h3 Bh5 11. g4 Bg6 12. d4 exd4 13. Bxd4 Nf4 14. Qe3 Bd6 15. Be5 Nxh3+ 16. Kg2 Re8 17. Kxh3 Nxe5 18. Nxe5 Rxe5 19. Qf3 h5 0-1

[Event "Saarland-ch MA"]
[Site "Schiffweiler"]
[Date "2009.04.05"]
[Round "3"]
[White "Mayer, Jean Marc"]
[Black "Spengler, Hanno"]
[Result "0-1"]
[WhiteElo "2179"]
[BlackElo "2076"]
[PlyCount "106"]
[EventDate "2009.04.03"]
[EventType "swiss"]
[EventRounds "9"]
[EventCountry "GER"]
[SourceTitle "EXT 2012"]
[Source "ChessBase"]
[SourceDate "2011.11.24"]
[SourceVersion "1"]
[SourceVersionDate "2011.11.24"]
[SourceQuality "1"]

1. e4 e5 2. Nc3 Nc6 3. Bc4 Nf6 4. d3 Bb4 5. Nge2 d5 6. exd5 Nxd5 7. 0-0 Nb6 8. Bb3 0-0 9. Ng3 Nd4 10. Nce4 Nxb3 11. axb3 f5 12. Ng5 Qf6 13. f4 exf4 14. Bxf4 Nd5 15. Bc1 Bd7 16. c3 Bd6 17. N5e4 Qg6 18. Nxd6 Qxd6 19. Qf3 c6 20. Bd2 a6 21. c4 Ne7 22. Bc3 Ng6 23. Rae1 b5 24. b4 c5 25. bxc5 Qxc5+ 26. Qf2 Qd6 27. Re2 Rac8 28. Rfe1 bxc4 29. dxc4 Rxc4 30. Rd2 Qc7 31. Qe2 Rh4 32. Red1 Bc8 33. Qf3 Qc5+ 34. Bd4 Qb5 35. Qc3 Qb7 36. Bc5 Re8 37. Rd8 Rxd8 38. Rxd8+ Kf7 39. Qe3 Qc6 40. Rd6 Qe8 41. Qb3+ Be6 42. Qb7+ Ne7 43. Qxa6 Ra4 44. Qe2 Bc4 45. Qh5+ Ng6 46. Qxf5+ Kg8 47. h3 Ra5 48. b4 Ra2 49. Qg5 Ra8 50. Qg4 Qe1+ 51. Kh2 Ne5 52. Qd4 Nf3+ 53. gxf3 Ra2+ 0-1

[Event "Saarland-ch MA"]
[Site "Eppelborn"]
[Date "2008.03.21"]
[Round "8"]
[White "Mayer, Jean Marc"]
[Black "Bastian, Herbert"]
[Result "1-0"]
[WhiteElo "2191"]
[BlackElo "2369"]
[PlyCount "185"]
[EventDate "2008.03.14"]
[EventType "swiss"]
[EventRounds "9"]
[EventCountry "GER"]
[SourceTitle "EXT 2010"]
[Source "ChessBase"]
[SourceDate "2010.11.25"]
[SourceVersion "1"]
[SourceVersionDate "2010.11.25"]
[SourceQuality "1"]

1. e4 c5 2. d4 cxd4 3. c3 Nf6 4. e5 Nd5 5. Nf3 e6 6. Bc4 Nb6 7. Bb3 d5 8. cxd4 Be7 9. 0-0 Nc6 10. Nc3 0-0 11. Be3 f6 12. Rc1 Bd7 13. Ne2 Na5 14. exf6 gxf6 15. Bc2 Nbc4 16. Qd3 Rf7 17. b3 Nxe3 18. Qxe3 Ba3 19. Rb1 Bd6 20. Bd3 Nc6 21. Nf4 Qe7 22. Rbd1 Re8 23. Bb1 Bc8 24. Rfe1 Bd7 25. h3 Qf8 26. Nh2 Bc7 27. Ng4 f5 28. Ne5 Nxe5 29. dxe5 Bb6 30. Qf3 Qh6 31. Nh5 Bd8 32. Rd4 Kh8 33. g3 Bc6 34. Nf4 Bb6 35. Qc3 Rg8 36. Kh2 a6 37. Rd2 Rfg7 38. Qb4 Ba7 39. Bc2 a5 40. Qc3 Rg4 41. Rd4 R4g7 42. Bd1 Rd7 43. Nh5 Bxd4 44. Qxd4 Rc8 45. Bf3 Rdc7 46. Nf4 Be8 47. Re2 a4 48. Qb6 axb3 49. axb3 Bc6 50. Qd4 Ra8 51. Rc2 Re7 52. Qc5 Rd7 53. Qd4 Rdd8 54. Rd2 Be8 55. Qb6 Bc6 56. Rd4 Rdc8 57. Qb4 Qg7 58. Qd6 Rd8 59. Nxe6 Rxd6 60. Nxg7 Rd7 61. Nxf5 Re8 62. Nh6 Rxe5 63. Rf4 Kg7 64. Nf5+ Kf6 65. Nd4+ Ke7 66. b4 Rc7 67. Rh4 Kd8 68. Rh6 Rf7 69. Kg2 Bd7 70. Rd6 Kc7 71. Rxd5 Rfe7 72. Rxe5 Rxe5 73. Be2 Bc6+ 74. f3 Re3 75. Kf2 Rc3 76. f4 Kd6 77. g4 Kd5 78. Nf3 Rb3 79. Ng5 Rxb4 80. Nxh7 Rxf4+ 81. Kg3 Rb4 82. g5 Ke5 83. Bg4 Be4 84. Nf6 Rb3+ 85. Kh4 Bg6 86. Nd7+ Kf4 87. Nf8 Bf5 88. Ne6+ Ke5 89. Bxf5 b5 90. Bg4 Rc3 91. g6 b4 92. g7 Rc8 93. Nf8 1-0

[Event "Saarland-ch MA"]
[Site "Eppelborn"]
[Date "2008.03.18"]
[Round "5"]
[White "Mayer, Jean Marc"]
[Black "Spengler, Hanno"]
[Result "1/2-1/2"]
[WhiteElo "2191"]
[BlackElo "2076"]
[PlyCount "96"]
[EventDate "2008.03.14"]
[EventType "swiss"]
[EventRounds "9"]
[EventCountry "GER"]
[SourceTitle "EXT 2010"]
[Source "ChessBase"]
[SourceDate "2010.11.25"]
[SourceVersion "1"]
[SourceVersionDate "2010.11.25"]
[SourceQuality "1"]

1. d4 d5 2. c4 e6 3. cxd5 exd5 4. Nc3 Nf6 5. Bg5 c6 6. e3 Nbd7 7. Bd3 Be7 8. Qc2 0-0 9. Nge2 Re8 10. Ng3 Nf8 11. 0-0-0 b5 12. Kb1 a5 13. Nf5 Bxf5 14. Bxf5 a4 15. Ne2 Ra6 16. Nf4 b4 17. Bxf6 Bxf6 18. Nd3 b3 19. axb3 axb3 20. Qxb3 Qa8 21. Nc5 Ra7 22. Kc2 g6 23. Bg4 Rb8 24. Qc3 Be7 25. Rb1 Ra2 26. Rhc1 Bxc5 27. Qxc5 Qa4+ 28. Kd2 Raxb2+ 29. Rxb2 Rxb2+ 30. Rc2 Rxc2+ 31. Qxc2 Qxc2+ 32. Kxc2 f5 33. Bd1 Kf7 34. Kc3 Ke6 35. Kb4 Kd6 36. g4 f4 37. g5 Ne6 38. h4 c5+ 39. dxc5+ Nxc5 40. Bc2 fxe3 41. fxe3 Nd7 42. Bd1 Ne5 43. Be2 Nc6+ 44. Kc3 Ne7 45. h5 gxh5 46. Bxh5 Ke5 47. Bd1 Nf5 48. Bc2 Nxe3 1/2-1/2

[Event "Saarland-ch MA"]
[Site "Eppelborn"]
[Date "2008.03.18"]
[Round "4"]
[White "Siebert, Viktor"]
[Black "Mayer, Jean Marc"]
[Result "1-0"]
[WhiteElo "2113"]
[BlackElo "2191"]
[PlyCount "81"]
[EventDate "2008.03.14"]
[EventType "swiss"]
[EventRounds "9"]
[EventCountry "GER"]
[SourceTitle "EXT 2010"]
[Source "ChessBase"]
[SourceDate "2010.11.25"]
[SourceVersion "1"]
[SourceVersionDate "2010.11.25"]
[SourceQuality "1"]

1. e4 d5 2. exd5 Qxd5 3. Nc3 Qa5 4. d4 Nf6 5. Nf3 Bf5 6. Ne5 c6 7. Bc4 e6 8. g4 Bg6 9. Bb3 Bb4 10. Bd2 Qc7 11. h4 Bxc3 12. bxc3 Nbd7 13. Bf4 Qa5 14. Rh3 Nxe5 15. Bxe5 h5 16. g5 Ng4 17. Bd6 0-0-0 18. Bb4 Qc7 19. Qf3 e5 20. Qg3 exd4 21. Qxc7+ Kxc7 22. cxd4 Rhe8+ 23. Kf1 Rxd4 24. Be1 Rf4 25. a4 Bf5 26. Bxf7 Rf8 27. Bxh5 Nxf2 28. Rf3 Rxh4 29. Bg6 Ne4 30. Bxf5 Nd2+ 31. Bxd2 Rh1+ 32. Kg2 Rxa1 33. Bc3 Rxa4 34. Bxg7 Re8 35. g6 Rh4 36. Bf6 Rh6 37. Kg3 Rg8 38. Be5+ Kb6 39. g7 a5 40. Bd3 Rh1 41. Kf2 1-0

[Event "Saarland-ch MA"]
[Site "Heusweiler"]
[Date "2007.03.31"]
[Round "2"]
[White "Bock, Andreas"]
[Black "Mayer, Jean Marc"]
[Result "0-1"]
[WhiteElo "2195"]
[BlackElo "2180"]
[PlyCount "56"]
[EventDate "2007.03.30"]
[EventType "swiss"]
[EventRounds "9"]
[EventCountry "GER"]
[SourceTitle "EXT 2008"]
[Source "ChessBase"]
[SourceDate "2007.11.25"]
[SourceVersion "1"]
[SourceVersionDate "2007.11.25"]
[SourceQuality "1"]

1. e4 e5 2. Nf3 Nf6 3. Nc3 d6 4. d4 Nbd7 5. Bc4 Be7 6. Bxf7+ Kxf7 7. Ng5+ Kg8 8. Ne6 Qe8 9. dxe5 Nxe5 10. Nxc7 Qg6 11. N3d5 Qxe4+ 12. Be3 Nxd5 13. Nxd5 Bf8 14. 0-0 Be6 15. Nc7 Bg4 16. Qe1 Rc8 17. f3 Bxf3 18. Rxf3 Qxf3 19. Qc3 Rxc7 20. Qxc7 Qxe3+ 21. Kh1 Qf2 22. Qxb7 h5 23. Qb5 Qc5 24. Qe2 Be7 25. Rf1 Qc4 26. Qf2 Rh6 27. b3 Qf7 28. Qd2 Qxf1# 0-1

[Event "FRA-chT2 East 0607"]
[Site "France"]
[Date "2007.03.18"]
[Round "9.3"]
[White "Mayer, Jean Marc"]
[Black "Duchateau, Thomas"]
[Result "1-0"]
[WhiteElo "2180"]
[BlackElo "2139"]
[PlyCount "73"]
[EventDate "2006.10.15"]
[EventType "team-tourn"]
[EventRounds "11"]
[EventCountry "FRA"]
[SourceTitle "EXT 2008"]
[Source "ChessBase"]
[SourceDate "2007.11.25"]
[SourceVersion "1"]
[SourceVersionDate "2007.11.25"]
[SourceQuality "1"]
[WhiteTeam "Sarreguemines"]
[BlackTeam "Mundolsheim"]
[WhiteTeamCountry "FRA"]
[BlackTeamCountry "FRA"]

1. c4 Nf6 2. Nc3 c5 3. g3 g6 4. Bg2 Bg7 5. Nf3 Nc6 6. d4 cxd4 7. Nxd4 0-0 8. 0-0 Qc7 9. Nc2 d6 10. Bg5 Qd7 11. h3 b6 12. Qd2 Bb7 13. Rac1 Rfc8 14. b3 Na5 15. e4 a6 16. Rfe1 Qc7 17. Nd5 Bxd5 18. exd5 Qd8 19. Nd4 Rab8 20. Qe2 Nxd5 21. Bxd5 Bxd4 22. Qf3 Bf6 23. Bxf6 exf6 24. b4 Nxc4 25. Bxc4 b5 26. Bb3 Rxc1 27. Rxc1 Kg7 28. Qd5 Qe7 29. Rc6 Qe1+ 30. Kg2 Qxb4 31. Qxf7+ Kh6 32. Rc7 Qe4+ 33. Kh2 Qf3 34. Qxh7+ Kg5 35. Qh4+ Kf5 36. Qd4 Rh8 37. Bd5 1-0

[Event "FRA-chT2 East 0607"]
[Site "France"]
[Date "2006.10.15"]
[Round "1.3"]
[White "Goossens, Etienne"]
[Black "Mayer, Jean Marc"]
[Result "1-0"]
[WhiteElo "2219"]
[BlackElo "2177"]
[PlyCount "67"]
[EventDate "2006.10.15"]
[EventType "team-tourn"]
[EventRounds "11"]
[EventCountry "FRA"]
[SourceTitle "EXT 2008"]
[Source "ChessBase"]
[SourceDate "2007.11.25"]
[SourceVersion "1"]
[SourceVersionDate "2007.11.25"]
[SourceQuality "1"]
[WhiteTeam "Metz Fischer II"]
[BlackTeam "Sarreguemines"]
[WhiteTeamCountry "FRA"]
[BlackTeamCountry "FRA"]

1. d4 d5 2. Bf4 c6 3. e3 Bf5 4. c4 e6 5. Nc3 Bd6 6. Bxd6 Qxd6 7. Qb3 Nd7 8. Nf3 Ngf6 9. Be2 0-0 10. 0-0 dxc4 11. Bxc4 b5 12. Be2 a6 13. Rfd1 Qe7 14. Rd2 Rfc8 15. a3 h6 16. Rad1 Ne4 17. Nxe4 Bxe4 18. Bd3 Bxf3 19. gxf3 Qg5+ 20. Kh1 Qh5 21. Be2 Qh4 22. Bf1 c5 23. dxc5 Nxc5 24. Qb4 Qf6 25. Rc1 Na4 26. Rcd1 Rd8 27. Rxd8+ Rxd8 28. Rxd8+ Qxd8 29. b3 Nb6 30. Qa5 Qd1 31. Kg2 Nd5 32. Qxa6 Qxb3 33. Bxb5 Qc2 34. Bd3 1-0

[Event "FRA-chT2D 0506"]
[Site "France"]
[Date "2006.01.15"]
[Round "6.1"]
[White "Mayer, Jean Marc"]
[Black "Gharamian, Tigran"]
[Result "0-1"]
[WhiteElo "2224"]
[BlackElo "2425"]
[PlyCount "72"]
[EventDate "2005.10.27"]
[EventType "team-tourn"]
[EventRounds "11"]
[EventCountry "FRA"]
[SourceTitle "EXT 2006"]
[Source "ChessBase"]
[SourceDate "2005.11.24"]
[SourceVersion "1"]
[SourceVersionDate "2005.11.24"]
[SourceQuality "1"]
[WhiteTeam "Paris NAO II"]
[BlackTeam "Lille"]
[WhiteTeamCountry "FRA"]
[BlackTeamCountry "FRA"]

1. e4 c5 2. Nf3 d6 3. d4 cxd4 4. Nxd4 Nf6 5. Nc3 a6 6. g3 e5 7. Nde2 Be7 8. Bg2 0-0 9. 0-0 b5 10. a4 b4 11. Nd5 Nxd5 12. Qxd5 Ra7 13. Be3 Be6 14. Qd2 Rb7 15. c3 b3 16. a5 Nd7 17. Ra4 Nc5 18. Rb4 Rd7 19. Rd1 Qxa5 20. f4 Rdd8 21. f5 Bd7 22. g4 Qc7 23. g5 a5 24. f6 gxf6 25. gxf6 Bxf6 26. Bg5 Bg7 27. Bh6 f6 28. Rc4 Be6 29. Bxg7 Kxg7 30. Rxc5 dxc5 31. Qe1 Rxd1 32. Qxd1 Bg4 33. Qe1 Bxe2 34. Qxe2 c4 35. Qg4+ Kh8 36. Qe6 a4 0-1

[Event "FRA-chT2D 0506"]
[Site "France"]
[Date "2005.11.20"]
[Round "3.3"]
[White "Riff, Vincent"]
[Black "Mayer, Jean Marc"]
[Result "1/2-1/2"]
[WhiteElo "2304"]
[BlackElo "2220"]
[PlyCount "43"]
[EventDate "2005.10.27"]
[EventType "team-tourn"]
[EventRounds "11"]
[EventCountry "FRA"]
[SourceTitle "EXT 2006"]
[Source "ChessBase"]
[SourceDate "2005.11.24"]
[SourceVersion "1"]
[SourceVersionDate "2005.11.24"]
[SourceQuality "1"]
[WhiteTeam "Mulhouse"]
[BlackTeam "Paris NAO II"]
[WhiteTeamCountry "FRA"]
[BlackTeamCountry "FRA"]

1. Nf3 d5 2. d4 c6 3. e3 Nf6 4. c4 Bf5 5. Nc3 e6 6. Nh4 Bg4 7. Qb3 Qb6 8. h3 Bh5 9. g4 Bg6 10. Nxg6 hxg6 11. Bg2 Be7 12. Bd2 g5 13. 0-0-0 Nbd7 14. Kb1 Qxb3 15. axb3 0-0-0 16. f3 Nf8 17. e4 dxc4 18. Bxg5 cxb3 19. e5 Nd5 20. Bxe7 Nxe7 21. Ne4 Rd5 22. Nd6+ 1/2-1/2

[Event "FRA-chT2D 0506"]
[Site "France"]
[Date "2005.11.19"]
[Round "2.4"]
[White "Fernandez Aguado, Juan Luis"]
[Black "Mayer, Jean Marc"]
[Result "1-0"]
[WhiteElo "2312"]
[BlackElo "2220"]
[PlyCount "113"]
[EventDate "2005.10.27"]
[EventType "team-tourn"]
[EventRounds "11"]
[EventCountry "FRA"]
[SourceTitle "EXT 2006"]
[Source "ChessBase"]
[SourceDate "2005.11.24"]
[SourceVersion "1"]
[SourceVersionDate "2005.11.24"]
[SourceQuality "1"]
[WhiteTeam "Selestat"]
[BlackTeam "Paris NAO II"]
[WhiteTeamCountry "FRA"]
[BlackTeamCountry "FRA"]

1. d4 d5 2. c4 c6 3. Nf3 Nf6 4. g3 Bf5 5. Bg2 e6 6. 0-0 Nbd7 7. cxd5 exd5 8. Qb3 Qb6 9. Qe3+ Be7 10. b3 Ne4 11. Ba3 Bxa3 12. Nxa3 0-0 13. Nh4 Be6 14. Bxe4 dxe4 15. Nc4 Bxc4 16. bxc4 Qa6 17. Rfc1 Nf6 18. Nf5 h6 19. Qf4 c5 20. dxc5 Qe6 21. Rd1 Rad8 22. Ne3 Qc6 23. Rd6 Rxd6 24. cxd6 Rd8 25. Nf5 Qxc4 26. Nxh6+ gxh6 27. Qxf6 Rd7 28. Qxh6 Qc3 29. Rd1 Qe5 30. Rc1 Rd8 31. d7 Qf5 32. Rc8 Rxc8 33. Qg5+ Qxg5 34. dxc8Q+ Kg7 35. Qxb7 Qc1+ 36. Kg2 Qc4 37. Qxa7 Qxe2 38. Qe3 Qc4 39. h4 f6 40. Qa7+ Kg8 41. a4 Qc6 42. Kh2 e3 43. Qxe3 Qxa4 44. Qe6+ Kg7 45. Qe7+ Kg6 46. h5+ Kxh5 47. Qxf6 Qe4 48. Qh8+ Kg5 49. Qd8+ Kh5 50. Qd1+ Kg5 51. Qd2+ Kg4 52. Qe3 Qh7+ 53. Kg2 Qh3+ 54. Kg1 Qh7 55. Qe2+ Kg5 56. f4+ Kf6 57. Qe5+ 1-0

[Event "Saarland-ch MA"]
[Site "Saarlouis Steinrausch"]
[Date "2005.03.24"]
[Round "7"]
[White "Mayer, Jean Marc"]
[Black "Becker, Thomas2"]
[Result "1-0"]
[WhiteElo "2224"]
[BlackElo "2112"]
[PlyCount "59"]
[EventDate "2005.03.18"]
[EventType "swiss"]
[EventRounds "9"]
[EventCountry "GER"]
[SourceTitle "EXT 2012"]
[Source "ChessBase"]
[SourceDate "2011.11.24"]
[SourceVersion "1"]
[SourceVersionDate "2011.11.24"]
[SourceQuality "1"]

1. d4 Nf6 2. c4 e6 3. Nc3 Bb4 4. Nf3 b6 5. Bg5 h6 6. Bh4 g5 7. Bg3 Ne4 8. Qb3 a5 9. a3 Bxc3+ 10. bxc3 d6 11. Rd1 f5 12. e3 h5 13. h4 g4 14. Ng5 Nxg5 15. hxg5 Qxg5 16. c5 bxc5 17. dxc5 f4 18. Bb5+ Kf7 19. Bh4 Qxc5 20. Rd4 Kg7 21. Rxf4 Rf8 22. Rc4 Qb6 23. Bd8 Rxd8 24. Rxh5 e5 25. Qb1 Rh8 26. Rg5+ Kf8 27. Qg6 Ke7 28. Qg7+ Ke6 29. Rg6+ Kd5 30. e4# 1-0

[Event "Saarland-ch MA"]
[Site "Saarlouis Steinrausch"]
[Date "2005.03.22"]
[Round "5"]
[White "Mayer, Jean Marc"]
[Black "Becking, Stephan"]
[Result "0-1"]
[WhiteElo "2224"]
[BlackElo "2337"]
[PlyCount "76"]
[EventDate "2005.03.18"]
[EventType "swiss"]
[EventRounds "9"]
[EventCountry "GER"]
[SourceTitle "EXT 2012"]
[Source "ChessBase"]
[SourceDate "2011.11.24"]
[SourceVersion "1"]
[SourceVersionDate "2011.11.24"]
[SourceQuality "1"]

1. d4 Nf6 2. c4 e6 3. Nf3 b6 4. Nc3 Bb4 5. Bg5 Bb7 6. Qb3 a5 7. a3 Bxc3+ 8. Qxc3 d6 9. Nd2 Nbd7 10. f3 Qe7 11. e4 e5 12. d5 a4 13. Be3 Nc5 14. Be2 h6 15. 0-0 Bc8 16. b4 axb3 17. Nxb3 Na4 18. Qe1 Bd7 19. Bd1 g5 20. g4 Nh7 21. Rf2 Nf8 22. c5 dxc5 23. Nd2 Nc3 24. Bb3 Nb5 25. Nc4 Ng6 26. a4 Nd6 27. Nb2 0-0 28. a5 Bb5 29. Qc3 Nb7 30. Bc4 Bd7 31. a6 Nd6 32. Bf1 Ra7 33. Nd3 Nb5 34. Qb2 Nd4 35. Ra3 Rfa8 36. Nc1 b5 37. Bxd4 cxd4 38. Bxb5 Bxb5 0-1

[Event "Oberliga Sued W 0405"]
[Site "Germany"]
[Date "2005.02.13"]
[Round "7.2"]
[White "Becking, Stephan"]
[Black "Mayer, Jean Marc"]
[Result "1/2-1/2"]
[WhiteElo "2340"]
[BlackElo "2224"]
[PlyCount "79"]
[EventDate "2004.10.03"]
[EventType "team-tourn"]
[EventRounds "9"]
[EventCountry "GER"]
[SourceTitle "EXT 2009"]
[Source "ChessBase"]
[SourceDate "2008.11.26"]
[SourceVersion "1"]
[SourceVersionDate "2008.11.26"]
[SourceQuality "1"]
[WhiteTeam "Illingen"]
[BlackTeam "Saarbruecken"]
[WhiteTeamCountry "GER"]
[BlackTeamCountry "GER"]

1. d4 d5 2. Nf3 c6 3. c4 e6 4. Nc3 f5 5. g3 Nf6 6. Bg2 Bd6 7. 0-0 0-0 8. Qc2 Qe8 9. c5 Be7 10. b4 Ne4 11. Ne5 Nd7 12. Nxd7 Bxd7 13. Nxe4 fxe4 14. Bf4 Bf6 15. Qc3 Qh5 16. f3 Rae8 17. fxe4 Qxe2 18. e5 Be7 19. Rf2 Qh5 20. Bf3 Qg6 21. Be2 Bg5 22. Bd3 Qh5 23. Raf1 Bxf4 24. gxf4 Re7 25. Bc2 Be8 26. Rf3 Bg6 27. Rh3 Qg4+ 28. Rg3 Qh4 29. Bxg6 hxg6 30. Qf3 Qh5 31. Qg2 Qf5 32. Kh1 Kh7 33. a4 a6 34. b5 axb5 35. axb5 cxb5 36. Rh3+ Kg8 37. Rg3 Kh7 38. Rh3+ Kg8 39. Rg3 Kh7 40. Rh3+ 1/2-1/2

[Event "CFriend AP-2004-Q-00023 email"]
[Site "Chessfriend.com"]
[Date "2004.12.22"]
[Round "1"]
[White "Heberla, Bartlomiej"]
[Black "Mayer, Jean Marc"]
[Result "1/2-1/2"]
[WhiteElo "2269"]
[BlackElo "1984"]
[PlyCount "48"]
[EventDate "2004.??.??"]
[EventType "tourn (corr)"]
[EventRounds "12"]
[SourceTitle "Corr 2024"]
[Source "ChessBase"]
[SourceDate "2023.10.19"]
[SourceVersion "1"]
[SourceVersionDate "2023.10.19"]
[SourceQuality "1"]

1. e4 e5 2. Nf3 Nf6 3. d3 Nc6 4. c3 d5 5. Nbd2 Bc5 6. Be2 0-0 7. 0-0 a5 8. Qc2 a4 9. h3 Qe7 10. Re1 Be6 11. exd5 Bxd5 12. Ne4 Bb6 13. Bg5 Qe6 14. Bxf6 Bxe4 15. dxe4 Qxf6 16. Bb5 a3 17. Bxc6 axb2 18. Qxb2 bxc6 19. a4 Ra5 20. Red1 h6 21. Qb3 Rb8 22. Qc4 Rc5 23. Qd3 Qe6 24. Qd7 Qf6 1/2-1/2